Investment Risk Management /
Đã lưu trong:
| Tác giả chính: | |
|---|---|
| Định dạng: | Sách |
| Ngôn ngữ: | Tiếng Anh |
| Được phát hành: |
Chichester, Inglaterra :
Wiley,
2004, c2004.
|
| Loạt: | (Wiley Finance)
|
| Những chủ đề: | |
| Các nhãn: |
Không có thẻ, Là người đầu tiên thẻ bản ghi này!
|
MARC
| LEADER | 00000nam^a2200000^a^4500 | ||
|---|---|---|---|
| 001 | 000182422 | ||
| 005 | 20250521000000.0 | ||
| 009 | 20260310102007.225 | ||
| 020 | |a 0-470-84951-7 | ||
| 037 | |a Acervo ITESO - Biblioteca | ||
| 041 | |a ING | ||
| 082 | |a 658. 155 |b CHO | ||
| 100 | |a Chong, Yen Yee |e (autor) | ||
| 245 | 1 | 0 | |a Investment Risk Management / |c Y.Y. Chong. |
| 264 | 4 | |a Chichester, Inglaterra : |b Wiley, |c 2004, c2004. | |
| 300 | |a X, 210 p. | ||
| 336 | |a texto |b txt |2 rdacontenido | ||
| 337 | |a sin mediación |b n |2 rdamedio | ||
| 338 | |a volumen |b nc |2 rdasoporte | ||
| 440 | 1 | |a (Wiley Finance) | |
| 649 | |a XX | ||
| 650 | |a Inversiones | ||
| 650 | |a Riesgo Económico | ||
| 650 | |a Finanzas | ||
| 650 | |a Economía | ||
| 650 | |a Empresas - |x Administración | ||
| 650 | |a Administración Financiera | ||
| 650 | |a Ciencias Administrativas | ||
| 910 | |a Fondo General | ||
| 920 | |a Impresos - Libros | ||
| 930 | |a Colección General | ||
| 905 | |a 101 | ||
| 901 | |a 0500122300 |b IT1 |c ACC |u 20250521 | ||
| 902 | |a https://opac.biblio.iteso.mx/vufind/Record/000182422 | ||